The pelican book of the middle ages (Record no. 26132)
[ view plain ]
| 000 -LEADER | |
|---|---|
| fixed length control field | 00653nam a22001937a 4500 |
| 005 - DATE AND TIME OF LATEST TRANSACTION | |
| control field | 20260422103959.0 |
| 008 - FIXED-LENGTH DATA ELEMENTS--GENERAL INFORMATION | |
| fixed length control field | 260422b |||||||| |||| 00| 0 eng d |
| 020 ## - INTERNATIONAL STANDARD BOOK NUMBER | |
| International Standard Book Number | (pbk) |
| 040 ## - CATALOGING SOURCE | |
| Transcribing agency | UE-CL |
| 082 ## - DEWEY DECIMAL CLASSIFICATION NUMBER | |
| Classification number | 940.1 |
| Item number | B5413 |
| 100 ## - MAIN ENTRY--PERSONAL NAME | |
| Personal name | Bishop, Morris |
| 245 ## - TITLE STATEMENT | |
| Title | The pelican book of the middle ages |
| Statement of responsibility, etc | / Morris Bishop |
| 260 ## - PUBLICATION, DISTRIBUTION, ETC. (IMPRINT) | |
| Place of publication, distribution, etc | England : |
| Name of publisher, distributor, etc | Penguine Books ltd; |
| Date of publication, distribution, etc | 1983 |
| 300 ## - PHYSICAL DESCRIPTION | |
| Extent | 416 p. |
| 546 ## - LANGUAGE NOTE | |
| Language note | English |
| 650 ## - SUBJECT ADDED ENTRY--TOPICAL TERM | |
| Topical term or geographic name as entry element | History--Middle Ages |
| 942 ## - ADDED ENTRY ELEMENTS (KOHA) | |
| Koha item type | Books |
| 505 ## - FORMATTED CONTENTS NOTE | |
| Formatted contents note | Chronology<br/>The long Dark<br/>The high middle ages<br/>Knightd in bsttle<br/>The nobles life<br/>An age of faith<br/>Town and trades<br/>The life of labour<br/>The life of thought<br/>End of Era |
| Withdrawn status | Damaged status | Not for loan | Home library | Current library | Date acquired | Full call number | Barcode | Date last seen | Price effective from | Koha item type |
|---|---|---|---|---|---|---|---|---|---|---|
| UE-Central Library | UE-Central Library | 22.04.2026 | 940.1 B5413 | T6105D | 22.04.2026 | 22.04.2026 | Books |
